000
00222 a2200097 4500
001
53367
100
_a
Markus, J
245
_a
Electornics projects ready refermee
260
_a
N.Y
_b
Mc Graw Hill
_c
090
_c
33616
_d
33616
942
_a
NUST-CAE
_c
M
_c
26243
999
_c
288440
_d
288440